000 00406 a2200169 4500
003 Nust
005 20230327121459.0
040 _cNust
082 _a891.4391,REH
100 _aShafiq-ur-Rehman
_91675
245 _aMad o Jazar /
_cShafiq-ur-Rehman
260 _aLahore
_bMavra
300 _a151:p
538 _aAlmirah No.67, Shelf No.3
650 _aUrdu Novel
_92511
942 _2ddc
_cBK
_k891.4391,REH
999 _c188156
_d188156